000 00480nam a2200181Ia 4500
005 20250508152912.0
008 008 250505s9999 xx 000 0 eng d
037 _aTextual
040 _aFEDL
_beng
_cFEDL
041 _aeng
_2eng
084 _aB, TAG
_qFEDL
100 _aChandrasekharan K
245 0 _aTagore: A master spirit
260 _aMadars, India
_bTriveni Publishers
_c1961
300 _axvi,164p.
942 _cTEXL
_hB, TAG
999 _c1339507
_d1339507